Countries and territories tile quiz - Statistics

General Stats
  • This quiz has been taken 12 times
  • The average score is 32 of 45
Answer Stats
Question Tile Select % Correct
Countries with a population less than 500,000 Jamaica No
100%
Countries with a population less than 500,000 New Zealand No
100%
Countries with a capital which is also their largest city. Turkey No
100%
Members of the United Nations Anguilla No
91%
Members of the United Nations Antigua and Barbuda Yes
91%
Members of the United Nations Greenland No
91%
Countries with a population less than 500,000 Guyana No
91%
Countries with a capital which is also their largest city. Iceland Yes
91%
Countries with a population less than 500,000 Monaco Yes
91%
Members of the United Nations North Macedonia Yes
91%
Territories on the UN list of Non-Self-Governing Territories Rwanda No
91%
Territories on the UN list of Non-Self-Governing Territories Sao Tome and Principe No
91%
Countries with a population less than 500,000 St. Vincent and the Grenadines Yes
91%
Countries with overseas territories, overseas departments, exclaves, semi-autonomous regions etc. This one is a bit subjective so don't get mad at me. And if you do get mad at me, make sure to be helpful and not really annoying. Tunisia No
91%
Countries with a capital which is also their largest city. United Kingdom Yes
91%
Countries with overseas territories, overseas departments, exclaves, semi-autonomous regions etc. This one is a bit subjective so don't get mad at me. And if you do get mad at me, make sure to be helpful and not really annoying. United Kingdom Yes
91%
Members of the United Nations Western Sahara No
91%
Countries with overseas territories, overseas departments, exclaves, semi-autonomous regions etc. This one is a bit subjective so don't get mad at me. And if you do get mad at me, make sure to be helpful and not really annoying. Australia Yes
82%
Countries with a capital which is also their largest city. Canada No
82%
Members of the United Nations Iran Yes
82%
Countries with a population less than 500,000 Kiribati Yes
82%
Countries with a capital which is also their largest city. Nepal Yes
82%
Members of the United Nations Somaliland No
82%
Countries with a capital which is also their largest city. Tuvalu Yes
82%
Countries with overseas territories, overseas departments, exclaves, semi-autonomous regions etc. This one is a bit subjective so don't get mad at me. And if you do get mad at me, make sure to be helpful and not really annoying. United States Yes
82%
Territories on the UN list of Non-Self-Governing Territories Western Sahara Yes
82%
Countries with a population less than 500,000 Burundi No
73%
Countries with overseas territories, overseas departments, exclaves, semi-autonomous regions etc. This one is a bit subjective so don't get mad at me. And if you do get mad at me, make sure to be helpful and not really annoying. Georgia No
73%
Territories on the UN list of Non-Self-Governing Territories Guam Yes
73%
Countries with overseas territories, overseas departments, exclaves, semi-autonomous regions etc. This one is a bit subjective so don't get mad at me. And if you do get mad at me, make sure to be helpful and not really annoying. Chile Yes
64%
Territories on the UN list of Non-Self-Governing Territories New Caledonia Yes
64%
Countries with a capital which is also their largest city. Qatar Yes
64%
Countries with a population less than 500,000 Bahrain No
55%
Countries with overseas territories, overseas departments, exclaves, semi-autonomous regions etc. This one is a bit subjective so don't get mad at me. And if you do get mad at me, make sure to be helpful and not really annoying. India Yes
55%
Members of the United Nations Kosovo No
55%
Countries with a capital which is also their largest city. Nauru No
55%
Members of the United Nations North Korea Yes
55%
Territories on the UN list of Non-Self-Governing Territories Pitcairn Islands Yes
55%
Countries with a capital which is also their largest city. Palau No
45%
Territories on the UN list of Non-Self-Governing Territories Akrotiri and Dhekelia No
27%
Countries with a population less than 500,000 Comoros No
27%
Territories on the UN list of Non-Self-Governing Territories Greenland No
27%
Countries with overseas territories, overseas departments, exclaves, semi-autonomous regions etc. This one is a bit subjective so don't get mad at me. And if you do get mad at me, make sure to be helpful and not really annoying. Brazil Yes
18%
Territories on the UN list of Non-Self-Governing Territories Puerto Rico No
18%
Countries with overseas territories, overseas departments, exclaves, semi-autonomous regions etc. This one is a bit subjective so don't get mad at me. And if you do get mad at me, make sure to be helpful and not really annoying. Cuba Yes
0%
No matching quizzes found
Score Distribution
Percent of People with Each Score
Percentile by Number Answered
Your Score History
You have not taken this quiz